Konkurencieschopnosť hotela Crowne Plaza z aspektu služieb pre biznis klientelu diplomová práca

Na minha lista:
Detalhes bibliográficos
Autor principal: Podkonická, Zuzana
Autor Corporativo: Obchodná fakulta EU. Katedra služieb a cestovného ruchu - zrušené
Outros Autores: Novacká, Ľudmila, 1953-
Formato: Livro
Idioma:eslovaco
Publicado em: Bratislava 2010
Tags: Adicionar Tag
Sem tags, seja o primeiro a adicionar uma tag!

MARC

LEADER 00000nam$a2200000$$$4500
001 0118621
005 20240318122434.7
041 0 |a slo 
044 |a SK 
245 1 0 |a Konkurencieschopnosť hotela Crowne Plaza z aspektu služieb pre biznis klientelu  |b diplomová práca  |c Zuzana Podkonická ; škol. Ľudmila Novacká 
264 1 |a Bratislava  |c 2010 
300 |a 74 s. 
100 1 |a Podkonická, Zuzana 
700 1 |a Novacká, Ľudmila, 1953- 
710 2 |a Obchodná fakulta EU. Katedra služieb a cestovného ruchu - zrušené